Balance of Payments Statistics Yearbook 2001 Part 1: Country Tables

Saved in:
Bibliographic Details
Format: Book
Language:English
Published: Washington International Monetary Fund 2001
Subjects:
Tags: Add Tag
No Tags, Be the first to tag this record!

MARC

LEADER 00000nam a2200000 4500
001 c136998
005 20251103104951.2
020 |a 1-58906-052-0 
022 |a 0252-3035 
041 0 |a eng 
044 |a US 
245 1 0 |a Balance of Payments Statistics Yearbook 2001  |b Part 1: Country Tables 
264 1 |a Washington  |b International Monetary Fund  |c 2001 
300 |a 983 s. 
610 2 0 |a bilancia platobná 
610 2 0 |a Medzinárodný menový fond